Nová orientace hodnotové analýzy.
Spájanie hodnotovej analýzy s akosťou. Nové chápanie hodnoty ako: potreby zákazníka a celkových nákladov pre zákazníka. Hodnotové inžinierstvo pre zákazníkov. Zovšeobecnenie hodnotovej analýzy japonskými odborníkmi: včasné začlenenie hodnotovej analýzy do procesu plánovania výrobkov, vytvorenie stre...
Salvato in:
| Autore principale: | |
|---|---|
| Natura: | Capitolo di libro |
| Lingua: | ceco |
| Soggetti: | |
| Tags: |
Nessun Tag, puoi essere il primo ad aggiungerne!!
|
MARC
| LEADER | 00000naa a2200000 4500 | ||
|---|---|---|---|
| 001 | r002546 | ||
| 005 | 20220819175523.7 | ||
| 041 | 0 | |a cze | |
| 044 | |a [CS] | ||
| 245 | 1 | 0 | |a Nová orientace hodnotové analýzy. |c Z. Novotný |
| 520 | |a Spájanie hodnotovej analýzy s akosťou. Nové chápanie hodnoty ako: potreby zákazníka a celkových nákladov pre zákazníka. Hodnotové inžinierstvo pre zákazníkov. Zovšeobecnenie hodnotovej analýzy japonskými odborníkmi: včasné začlenenie hodnotovej analýzy do procesu plánovania výrobkov, vytvorenie strediska hodnotového inžinierstva pre zákazníkov. | ||
| 610 | 2 | 0 | |a analýza hodnotová |
| 610 | 2 | 0 | |a kvalita |
| 610 | 2 | 0 | |a zákazníci |
| 610 | 2 | 0 | |a inžinierstvo hodnotové |
| 610 | 2 | 0 | |a náklady |
| 610 | 2 | 0 | |a potreby |
| 100 | 1 | |a Novotný, Z. | |